000 00864nam a22002897a 4500
003 CHAP
005 20220329134855.0
008 971013s r 00010 d
010 _a27282
011 _a28254
035 _a32357
040 _cCHAP
090 _aFolleto 2687
110 _aInstituto Nacional Agrario. Tegucigalpa
_959278
245 _aMemoria, 19 -
260 _aTegucigalpa :
_bEl Instituto,
_c19 -
300 _av
500 _aLa biblioteca tiene: 1973, 1974
590 _aBATCH-UPD
_b10
_c20130110
_lUCH01
_h2126
590 _aCONVERSION
_b10
_c20130109
_lUCH01
_h1316
650 1 4 _aAgricultura
_xHonduras.
_91538
650 1 4 _aReforma agraria
_xHonduras.
_995556
901 _aBK
942 _cFOLL
949 _aFolleto 2687
_bBC
_cFOLL
_d-75137
_eTS1
_f1973
_i32357
_mD
_si
949 _aFolleto 2687
_bBC
_cFOLL
_d-75138
_eTS2
_f1974
_i32357
_mD
_si
999 _c27282
_d27282